000 00606nam a22001937a 4500
003 URS
005 20251002162658.0
008 251002b |||||||| |||| 00| 0 eng d
040 _cURS
100 _a Velásquez Martinez, Josué C
_eAuthor
245 _aToward more accurate Scope 3 emissions accounting
_c Josué C. Velásquez Martinez
300 _apages 8-11
336 _2rdacontent
_atext
_btxt
337 _2rdamedia
_aunmediated
_bn
338 _2rdacarrier
_avolume
_bnc
700 _aConttrill, Ken
773 0 _087108
_992251
_oPIL-15219747-29-1
_tSupply Chain Management Review
942 _2ddc
_cCR
999 _c87114
_d87112